00451 2200181 4500001002100000005001500021008004100036020001800077035001900095041000700114082001000121090001600131100001500147245004400162260003100206300001800237650001400255INLIS00000000001698320241224115227241224||||||||| | ||| |||| || |  a979-010-016-7 0010-1224016983 aid0 a635.8 a635.8 SET j0 aA.SETIAWAN00aJAMUR MERANG YANG MENGUNTUNGKAN MANUSIA aJakartabBumi Aksarac2007 a85hlm;14x21cm 0aPertanian